LEADER 01039nam a22002651i 4500 001 991002379119707536 005 20030609142407.0 008 030925s1966 it |||||||||||||||||ita 035 $ab12280525-39ule_inst 035 $aARCHE-032809$9ExL 040 $aBiblioteca Interfacoltà$bita$cA.t.i. Arché s.c.r.l. Pandora Sicilia s.r.l. 082 04$a945.39 100 1 $aBettiza, Enzo$0159785 245 10$aMito e realtà di Trieste /$cEnzo Bettiza 260 $aMilano :$bAll'insegna del pesce d'oro,$c1966 300 $a55 p. ;$c18 cm 440 3$aLa coda di paglia ;$v3 650 4$aTrieste$xStoria 907 $a.b12280525$b02-04-14$c08-10-03 912 $a991002379119707536 945 $aLE002 Busta B 70/2$g1$i2002000775597$lle002$o-$pE0.00$q-$rl$s- $t0$u0$v0$w0$x0$y.i12673079$z08-10-03 945 $aLE002 Busta C 38/7$g2$i2002000783875$lle002$o-$pE0.00$q-$rl$s- $t0$u1$v0$w1$x0$y.i12673080$z08-10-03 996 $aMito e realtà di Trieste$9165105 997 $aUNISALENTO 998 $ale002$b08-10-03$cm$da $e-$fita$git $h0$i2 LEADER 00793nam0 22002653i 450 001 996682580003316 005 20251022142112.0 010 $a978-88-6866-931-7 100 $a20230221d2022----||||0itac50 ba 101 0 $aita 102 $aIT 200 1 $aBrigantesse e briganti$ele due metà della banda$fDomenico Scafoglio$gSimona De Luna 210 1 $aNapoli$cGuida editori$d2022 215 $a723 p.$cill.$d24 cm 606 0 $aBrigantaggio$yItalia meridionale$2BNCF 676 $a364.309457 700 1$aSCAFOGLIO,$bDomenico$039998 701 1$aDE LUNA,$bSimona$0142429 801 0$aIT$bcba$bcba$gREICAT 912 $a996682580003316 951 $aIII.2. 1812$b722-0 Disuff$cIII.2.$d573790 959 $aBK 969 $aUMA 996 $aBrigantesse e briganti$93575299 997 $aUNISA